Nguyên lý thiết kế cấu tạo các công trình kiến trúc. T1

Nội dung sách được chia làm hai phần: phần cơ bản và phần chuyên sâu. Phần cơ bản giới thiệu khái niệm chung về cấu tạo kiến trúc, cấu tạo móng nhà, mái nhà, các loại cửa, sàn nhà, cầu thang. Phần chuyên sâu trình bày về cấu tạo nền mo...

Disgrifiad llawn

Wedi'i Gadw mewn:
Manylion Llyfryddiaeth
Prif Awdur: Phan Tấn Hài
Fformat: Llyfr
Iaith:Undetermined
Cyhoeddwyd: Hà Nội Xây dựng 1994
Pynciau:
Tagiau: Ychwanegu Tag
Dim Tagiau, Byddwch y cyntaf i dagio'r cofnod hwn!
Thư viện lưu trữ: Trung tâm Học liệu Trường Đại học Cần Thơ
LEADER 01081nam a2200181Ia 4500
001 CTU_17045
008 210402s9999 xx 000 0 und d
082 |a 690.1 
082 |b H103 
100 |a Phan Tấn Hài 
245 0 |a Nguyên lý thiết kế cấu tạo các công trình kiến trúc. T1 
245 0 |c Phan Tấn Hài, Cao Xuân Lương, Võ Đình Diệp 
260 |a Hà Nội 
260 |b Xây dựng 
260 |c 1994 
520 |a Nội dung sách được chia làm hai phần: phần cơ bản và phần chuyên sâu. Phần cơ bản giới thiệu khái niệm chung về cấu tạo kiến trúc, cấu tạo móng nhà, mái nhà, các loại cửa, sàn nhà, cầu thang. Phần chuyên sâu trình bày về cấu tạo nền móng và tường, cửa và cầu thang, sàn và mái 
650 |a buildings - design and construction,civil engineering,structural analysis ( engineering ) 
980 |a Trung tâm Học liệu Trường Đại học Cần Thơ